Statistiques concernant Les 20 plus gros transferts de l'inter milan

Cliquez ici pour prendre le quiz!

Statistiques générales

  • Ce quiz a été pris 76 fois
  • Le résultat moyen est 9 sur 20

Statistiques - réponses

ClubTransfertClubJoueur% Correct
Manchester united74MInter MilanLukaku
100%
Inter Milan114MChelseaLukaku
100%
Inter Milan68MPSGHakimi
68%
Real Madrid43MInter MilanHakimi
68%
Inter Milan69.50MBarceloneIbrahimovic
65%
Inter Milan50MPSGIcardi
60%
Inter Milan45MReal MadridRonaldo
48%
Cagliari32.50MInter MilanBarella
47%
Sampdoria34MInter MilanSkriniar
47%
Inter Milan50.20MManchester unitedOnana
40%
Bayern Munich30MInter MilanPavard
39%
Atalanta31.10MInter MilanBastoni
26%
As Monaco36MInter MilanKondogbia
26%
Genoa28MInter MilanMilito
26%
Inter Milan29.50MManchester CityBalotelli
24%
Inter Milan38MReal MadridKovacic
23%
Lazio Rome40MInter MilanCrespo
18%
AS Rome38MInter MilanNainggolan
10%
Lazio Rome46.48MInter MilanVieri
10%
Santos29.50MInter MilanBarbosa
8%

Distribution des résultats

Percentile par nombre de réponses

% des personnes avec chaque résultat

Votre développement - résultats

Vous n’avez pas pris ce quiz